Social work in mental health: the journal of behavioral and psychiatric social work
| Medienart: | Elektronisch Zeitschrift |
|---|---|
| Sprache: | Englisch |
| Veröffentlicht: |
[Erscheinungsort nicht ermittelbar]
Routledge
2003-
Binghamton, NY Haworth Press - 2008 |
| In: | Jahr: 2003 |
| Online-Zugang: |
Volltext (Frontdoor-Url) Volltext (Verlag) |
| Verfügbarkeit prüfen: | HBZ Gateway |
| Subito Bestelldienst: | Jetzt bestellen. |
| Bände / Aufsätze: | Bände / Aufsätze anzeigen. |
| Schlagwörter: |
MARC
| LEADER | 00000cas a2200000 c 4500 | ||
|---|---|---|---|
| 001 | 39061212X | ||
| 003 | DE-627 | ||
| 005 | 20241115085349.0 | ||
| 007 | cr ||||||||||| | ||
| 008 | 040714c20039999xxuz| p|o 0 |0eng c | ||
| 016 | 7 | |a 026189666 |2 DE-101 | |
| 016 | 7 | |a 2151233-4 |2 DE-600 | |
| 022 | |a 1533-2993 | ||
| 035 | |a (DE-627)39061212X | ||
| 035 | |a (DE-576)309205530 | ||
| 035 | |a (DE-599)ZDB2151233-4 | ||
| 035 | |a (OCoLC)1368055745 | ||
| 040 | |a DE-627 |b ger |c DE-627 |e rakwb | ||
| 041 | |a eng | ||
| 044 | |c XD-US | ||
| 082 | 0 | 4 | |a 610 |a 360 |q DE-600 |
| 245 | 0 | 0 | |a Social work in mental health |b the journal of behavioral and psychiatric social work |
| 264 | 3 | 1 | |a [Erscheinungsort nicht ermittelbar] |b Routledge |c 2003- |
| 264 | 2 | 1 | |a Binghamton, NY |b Haworth Press |c - 2008 |
| 300 | |a Online-Ressource | ||
| 336 | |a Text |b txt |2 rdacontent | ||
| 337 | |a Computermedien |b c |2 rdamedia | ||
| 338 | |a Online-Ressource |b cr |2 rdacarrier | ||
| 362 | 0 | |a 1.2003 - | |
| 363 | 0 | 1 | |a 1 |i 2003 |
| 500 | |a Gesehen am 29.04.09 | ||
| 591 | |a C!URL-Ä(06-01-09) | ||
| 655 | 7 | |a Zeitschrift |0 (DE-588)4067488-5 |0 (DE-627)10454466X |0 (DE-576)20917000X |2 gnd-content | |
| 776 | 1 | |x 1533-2985 | |
| 856 | 4 | 0 | |u https://ezb.ur.de/?2151233-4 |x Frontdoor-Url |7 1 |
| 856 | 4 | 0 | |u https://www.tandfonline.com/loi/wsmh20/ |x Verlag |7 1 |
| 912 | |a ZDB-7-TFS | ||
| 951 | |a JT | ||
| ELC | |a 1 | ||
| LOK | |0 000 xxxxxcy a22 3n 4500 | ||
| LOK | |0 001 4467317430 | ||
| LOK | |0 003 DE-627 | ||
| LOK | |0 004 39061212X | ||
| LOK | |0 005 20250515193343 | ||
| LOK | |0 007 ccruuuuuuuuuuuu | ||
| LOK | |0 008 240124||||||||||||||||ger||||||| | ||
| LOK | |0 035 |a (DE-600)105427908X | ||
| LOK | |0 040 |a DE-21 |c DE-627 |d DE-21 | ||
| LOK | |0 092 |o e | ||
| LOK | |0 093 |e Volltext online u. Druckausg. |f Einzellizenz |g Kostenpflichtig | ||
| LOK | |0 852 |a DE-21 | ||
| LOK | |0 852 1 |9 00 | ||
| LOK | |0 85640 |u https://ezb.ur.de/detail.phtml?bibid=UBTUE&jour_id=45833 |x EZB | ||
| LOK | |0 85901 |8 1.1 |a 1 |i 2002 | ||
| LOK | |0 866 |x Social Science & Humanities Library | ||
| LOK | |0 86630 |a 1.2002,1 - | ||
| LOK | |0 912 |a tandf_ssh | ||
| LOK | |0 935 |a cofz |a zezb | ||
| LOK | |0 938 |l Volltext online u. Druckausg. |8 0 | ||
| LOK | |0 938 |l Einzellizenz |8 1 | ||
| LOK | |0 938 |l Kostenpflichtig |8 2 | ||
| LOK | |0 939 |a 13-01-24 |b zez | ||
| ORI | |a SA-MARC-krimdokb001.raw | ||
| SPR | |a 1 |t KRI | ||
